Joueurs TM (trackmania) - Statistiques

Statistiques générales
  • Ce quiz a été pris 475 fois
    464 depuis la dernière actualisation
  • Le résultat moyen est 31 sur 135
Statistiques - réponses
Hint Réponse % Correct
Champion du monde 2012 Spam
77%
Champion du monde 2006 Carl
71%
LE JOUEUR VOLANT GranaDy
69%
17,51$ de cashprize à l'âge de 13 ans Gwen
62%
A été détenteur de tous les WR TM Turbo Riolu
62%
GOAT en fullspeed Mudda
61%
A gagné 3 GA dirt Papou
61%
A gagné 13 maps pendant la TMGL Winter 2021 Pac
54%
A gagné une compétition dans un avion Cocow
52%
4 fois Vice champion du monde tech Tween
52%
Connu pour la prise de risque minimale Marius89
51%
Ancien pseudo d'evoN Marcin
50%
A gagné la première ZRT sur scène Javiflyer
48%
A joué sans org en TMGL Revolution / Rollin / Tween
47%
Connu pour faire 2eme en TTC Shorty
45%
WR A01 trabadia
43%
Gagnant de la GA2016 (tech) Massa
42%
Lioncast / eXes Aurel
41%
Dernier capitaine en date de l'équipe de France TM link
39%
"Il le tente, [...] IL LE PASSE" Bren
38%
Monsieur Raton Nekrua
38%
VSP/exalty Yannex
38%
PacJr Feed
37%
Skinner de l'année 2020 Schumi
37%
4 demi finales ZRT cup (sous entendu jamais en finale) Badlulu
36%
2eme championnat de France 2021 Binks
35%
Playoff TMGL Winter 2021 mais 0e de cashprize Affi
34%
Joueur français gagnant d'une GA tech Kronos / Yoyo
33%
A sauté des escaliers lors d'une cup Scrapie
33%
Gagnant de la campagne summer 2020 Hefest
32%
Multi gagnant de la shitfest Matt
32%
Détenteur du WR sur Hockolicious Lund
30%
Joueur de poker professionnel Sabre / Bergie / Yoyo
30%
Hanté par le système de points OGL Worker
30%
Gagnant Saison OGL Winter 2021 Dofault
29%
"I don't speak french I'm sorry" Kappa
29%
Speedrunner TMNF Wirtual
28%
Champion du monde 2010 Bergie
27%
Caster légendaire de TM Frostbeule
27%
Nosebug meister Lamartifice
27%
Winner Esport Student Series (2019) Symbiose
27%
Marco Kakkou
26%
Champion du monde RL + Dedi 2 sur TCSDreamlike Neqzo
26%
Elu meilleur joueur RPG de 2019 Tourist
26%
Champion du monde 2011 hakkiJunior
25%
Biggest facepalm of his life Karjen
25%
mouZ Onio
25%
L'homme aux 9 tentacules Ayako
24%
"la manette qui déco" Haedra
24%
L'homme qui gère les servs mieux que personne Jon
24%
Mr. Trackmania News Lauz
24%
Mappeur banni par Nadeo Table
24%
Top 7 WC2018 Tech Bren
23%
Gagnant Gaming WinterFest 2017 et 2019 Kappa
23%
Orga et twittos TM de renom Moutro
23%
Mapper ZRT ""mort"" Pishi / Eyohna
23%
Vainqueur Kackiest Kacky 5 et 6 Simo
22%
Blackpink smurf Scrapie
21%
A remporté du cashprize sur le plus de tournoi différents (77 d'après esport earnings) Aurel
20%
"Y'a 4 boutons frère, y'a 4 putains de boutons" Navi
20%
Expert black / E-corp Roa
20%
Gagnant du plus gros cashprize (20 000$) Sandder
20%
1er joueur à se faire kick de la TMGL durant une saison Sky
20%
"plus haut mec" Snow
20%
Lioncast / Nadeo Tona
20%
"Surprisingly managed to" Granady
19%
^_^ Hylis
19%
Stuck sur un pudding pendant une ZRT Koenz
19%
Hunter Nadeo du Moyen Orient Raceta
19%
Casque oreilles de chat Rin
19%
Nouveau pseudo de Cookie Sapi
19%
Vainqueur speedrun découverte campagne Winter 2021 Wosile
19%
Créateur skins TeamPax / Solary/ Oslo lions collor
18%
N'a pas voulu serrer la main à Bren (Giant Cup) Dutchy
18%
GRITMACHINE557 Tricky
18%
Top 7 cashprize TM2020 sans être TMGL Ciremyxx
17%
Meilleur rire de la commu Plastorex
17%
A "quitté" la scène TM à multiple reprises Silver / Angelo
17%
Coach de Sardoche Taak
17%
Créateur skins Defusekids / Pulse / riolu Aziix / Zyra
16%
Vainqueur GA dirt 2015 Bepino
16%
Destruction de matériel en lan Nitro / Zycos / Hakki
16%
"L'art de Trackmania" Plastorex
16%
Leader eXes SoftyB
16%
4 quarts de finale ZRT consécutifs Akross
15%
2ème Sphériz cup 2019 hugo220
15%
A théorycraft de nombreux cuts Nadeo JaV
15%
acer / aAa / PkD link
15%
A fait combine OGL Winter 2021 sans être une seule fois en challenger Nixotica
15%
Fondateurs de la TTC Dino / Hotrod
14%
BREAKING NEWS Eirik Holdal
14%
Mappeur de la première randral TM2020 Niti
14%
Glisse comme personne sur Patin linéaire Arthaniir
13%
3ème Centaury Solo Tech Tournament CarlJr
13%
Le brotheur Glast
13%
Give up CDF 2020 Insanity
13%
"Yo folks" L4Bomb4
13%
L'admin qui taunt pendant les matchs Nexty / N3xty
13%
Furax / nLt / cty Panda
13%
Poignée de main Kappa / Aurel
12%
3ème ESWC 2013 Koenz
12%
Joueur polonais qualifié en TMGL Beta Maciey
12%
diSPlay / MadCorps / orKsGP / Begenius Mixmod
12%
Vainqueur de the Nest 2 Racehans
12%
Mate de Binks à la Gameward cup 1 Tankrom
12%
ExotiK / Delta Vulnerra
12%
<<?????????????????????>> Aurel
11%
96 points sur 100 Gwen
11%
"Craziest comeback in Trackmania so far" Koenz
11%
BX3 Suisse Loic
11%
LazY / ePunks hugo220
10%
Le finlandais avec le plus de flow Insane
10%
"J'ai jamais autant safe sérieux" Jaja
10%
4ème OGL Saison Winter 2020 Legu
10%
Best earning Suède TM2020 Ninadore
10%
"Bah j'vais appuyer avec mes doigts dessus" zoOm / zo0m
9%
Drama queens de la scène tech Bara / Milmy
8%
Joueur WRC professionnel Jonno
8%
Canadien ban par Nadeo legigantesqueElephant
8%
A battu Karjen en TTC 1v1 Marmerladi
8%
15 racehans
8%
2èmes de la FZTH duo Razer / DanikB
8%
Le pilote de Rivage Esport Shuultz
8%
7 rounds finaliste en ZRT Dofault
7%
elite / acer / expert black Royal
7%
Danois à la Nest 2 xxrider
7%
Détenteur du plus grand nombre de WR Nadeo TM ESWC Marvin
6%
Organisateurs de la Parkour Cup Tamessa / Bensword / Tricky
6%
Préparation de café traditionnel de la cuisine italienne Cap
5%
Venait en spec prendre les skins pour les mettre sur un lien MEGA LightFifty
5%
Ancien capitaine de l'équipe de France et videomaker de renom Snaky
5%
1er vainqueur de la TTC wally
5%
"Affi is like the Walmart Gwen" Wirtual
5%
Perdait un 1v1 6-2 contre Massa pour gagner 7-6 Passi
4%
A trouvé sa voie znik
4%
Aucun quiz correspondant
Distribution des résultats
% des personnes avec chaque résultat
Percentile par nombre de réponses
Votre historique - résultats
Vous n’avez pas pris ce quiz depuis la dernière actualisation